000 00647nam a2200241 a 4500
999 _c12144
_d12144
001 12144
003 BD-JhCC
005 20221103134023.0
008 210321r19772018ii a|||| |||| 001 0 eng d
020 _a9788121935159
035 _a(BD-JhCC)12144
040 _aBD-JhCC
_dBD-JhCC
041 _aeng
082 _a547
_bBAH 2018
100 _aBahl, Arun
245 _aAdvanced Organic Chemistry /
_cArun Bahl and B. S. Bhal
260 _aIndia :
_bS. Chand & Company Ltd.
_c2018 [reprint]
300 _axxiii, 1504 p. :
_c22 cm
_bill. ;
650 _aOrganic chemistry
700 _aBhal, B. S.
942 _2ddc
_cBK
_07